Introducing Microsoft windows 2000 professinal / (Record no. 62548)

MARC details
000 -LEADER
fixed length control field 00571nam a22001577a 4500
005 - DATE AND TIME OF LATEST TRANSACTION
control field 2012021106306.0
020 ## - INTERNATIONAL STANDARD BOOK NUMBER
International Standard Book Number 812031798X
Terms of availability 425.00
035 ## - SYSTEM CONTROL NUMBER
System control number B-41345
037 ## - SOURCE OF ACQUISITION
Stock number DPL
Source of stock number/acquisition ENG
100 ## - MAIN ENTRY--PERSONAL NAME
Personal name Honeycutt, Jerry
245 ## - TITLE STATEMENT
Title Introducing Microsoft windows 2000 professinal /
Statement of responsibility, etc by Jerry Honeycutt
260 ## - PUBLICATION, DISTRIBUTION, ETC. (IMPRINT)
Place of publication, distribution, etc New Delhi
Name of publisher, distributor, etc Prentice-Hall of India
Date of publication, distribution, etc 2001
300 ## - PHYSICAL DESCRIPTION
Extent xvii, 424p.
Dimensions 22 cms
942 ## - ADDED ENTRY ELEMENTS (KOHA)
Source of classification or shelving scheme Dewey Decimal Classification
Item type English Books
Classification part 005.43
Call number suffix HON
Holdings
Withdrawn status Lost status Not for loan Collection code Home library Current library Date acquired Cost, normal purchase price Full call number Barcode Cost, replacement price Koha item type
      Non-fiction Sarojini Nagar Sarojini Nagar 11/02/2012 425.00 005.43 HON B-41345 425.00 English Books

© Delhi Public Library
Hit Counter
free hit counter